[Event "CAN-ch U16"]
[Site "Winnipeg CAN"]
[Date "1996.03.23"]
[Round "2"]
[White "Cormos, Eugene"]
[Black "Pechisker, Alfred"]
[Result "1-0"]
[WhiteElo "2139"]
[BlackElo "2054"]
[PlyCount "135"]
[EventDate "1996.03.23"]
[EventType "tourn"]
[EventRounds "9"]
[EventCountry "CAN"]
[Source "ChessBase"]
[SourceDate "2000.11.22"]

1. e4 c5 2. c3 d5 3. exd5 Qxd5 4. d4 Nf6 5. Nf3 Bg4 6. Be2 e6 7. O-O Nc6 8. h3
Bh5 9. Be3 cxd4 10. cxd4 Be7 11. Nc3 Qd6 12. Rc1 O-O 13. Qd2 a6 14. Rfe1 Rfd8
15. Na4 Qb4 16. Qxb4 Nxb4 17. Nb6 Rab8 18. g4 Bg6 19. a3 Nbd5 20. Nc4 Ne4 21.
Nfe5 Nd6 22. Nxg6 hxg6 23. Ne5 Rbc8 24. Bf3 Rxc1 25. Rxc1 Rc8 26. Rxc8+ Nxc8
27. Nd7 f6 28. Bd2 Na7 29. Bxd5 exd5 30. Nb6 Nc6 31. Nxd5 Bd6 32. Be3 Kf7 33.
Kf1 Ke6 34. Nc3 Ne7 35. f4 f5 36. Kf2 Nd5 37. Ne2 Nb6 38. Nc3 Nd5 39. Ne2 Nb6
40. gxf5+ gxf5 41. Kf3 Be7 42. Nc3 Nd5 43. Na4 Kd6 44. Nc5 Kc6 45. Nd3 Kd6 46.
Ne5 Bf6 47. Nc4+ Kc6 48. Bf2 Ne7 49. Na5+ Kc7 50. Nb3 b6 51. Nd2 Nc6 52. Nb3
Kd6 53. Ke2 Kd5 54. Kd3 Nd8 55. Nc1 Nb7 56. Ne2 Nd6 57. Nc3+ Kc6 58. d5+ Kc7
59. Bd4 Bxd4 60. Kxd4 Nf7 61. Nd1 g5 62. Ne3 gxf4 63. Nxf5 f3 64. Ke3 Ne5 65.
b3 Nd7 66. Kxf3 Nf6 67. d6+ Kd7 68. Kf4 1-0

[Event "CAN-ch U16"]
[Site "Winnipeg CAN"]
[Date "1996.03.23"]
[Round "2"]
[White "Guo, Xin"]
[Black "Hua, Lefong"]
[Result "1/2-1/2"]
[WhiteElo "2163"]
[BlackElo "2140"]
[PlyCount "92"]
[EventDate "1996.03.23"]
[EventType "tourn"]
[EventRounds "9"]
[EventCountry "CAN"]
[Source "ChessBase"]
[SourceDate "2000.11.22"]

1. e4 c5 2. Nf3 d6 3. d4 cxd4 4. Nxd4 Nf6 5. Nc3 g6 6. Be3 Bg7 7. f3 Nc6 8. Qd2
O-O 9. Bc4 Bd7 10. O-O-O Rc8 11. Bb3 Ne5 12. h4 h5 13. Bh6 Bxh6 14. Qxh6 Rxc3
15. bxc3 Qa5 16. f4 Qxc3 17. fxe5 Qa1+ 18. Kd2 Qxd4+ 19. Kc1 Qa1+ 20. Kd2 Qd4+
21. Kc1 Qa1+ 22. Kd2 Nxe4+ 23. Ke3 Qc3+ 24. Rd3 Qc5+ 25. Kxe4 Bc6+ 26. Bd5 Qc4+
27. Ke3 Bxd5 28. Qf4 Qxa2 29. exd6 exd6 30. Rhd1 Re8+ 31. Kf2 Qxc2+ 32. R1d2
Qc5+ 33. Kg3 Bc6 34. Rxd6 Qe3+ 35. Qxe3 Rxe3+ 36. Kf2 Rb3 37. R6d3 Rb4 38. Rd4
Rb3 39. g4 Rb5 40. g5 Kf8 41. Re2 Rd5 42. Rxd5 Bxd5 43. Re5 Bc6 44. Ke3 b5 45.
Kd4 a5 46. Kc5 Bd7 1/2-1/2

[Event "CAN-ch U16"]
[Site "Winnipeg CAN"]
[Date "1996.03.23"]
[Round "2"]
[White "Henson, Joshua"]
[Black "Wu, Douglas"]
[Result "0-1"]
[WhiteElo "1747"]
[BlackElo "1957"]
[PlyCount "82"]
[EventDate "1996.03.23"]
[EventType "tourn"]
[EventRounds "9"]
[EventCountry "CAN"]
[Source "ChessBase"]
[SourceDate "2000.11.22"]

1. e4 c5 2. Nf3 e6 3. d4 cxd4 4. Nxd4 Nf6 5. Nc3 Bb4 6. Bd3 Nc6 7. Nxc6 bxc6 8.
Bd2 Qc7 9. O-O Bc5 10. Qf3 O-O 11. Qg3 Qxg3 12. hxg3 d5 13. exd5 cxd5 14. Na4
Be7 15. Nc3 Bd7 16. Rfe1 Bc5 17. Rab1 a5 18. a3 Rfe8 19. a4 e5 20. Bb5 Bxb5 21.
Nxb5 Bb6 22. Be3 d4 23. Bg5 Ng4 24. Re2 h6 25. Bd2 Red8 26. Rf1 d3 27. cxd3
Rxd3 28. Kh1 Rad8 29. Be1 Rd1 30. Nc3 Ra1 31. Kg1 Rd3 32. Bd2 Rxf1+ 33. Kxf1
Bxf2 34. Ne4 Bb6 35. Bc3 f5 36. Nd2 e4 37. Nc4 Bc7 38. Nxa5 Bxg3 39. Rd2 Nh2+
40. Ke2 Rxd2+ 41. Bxd2 f4 0-1

[Event "CAN-ch U16"]
[Site "Winnipeg CAN"]
[Date "1996.03.24"]
[Round "3"]
[White "Chin, Garrett"]
[Black "Cormos, Eugene"]
[Result "0-1"]
[WhiteElo "1776"]
[BlackElo "2139"]
[PlyCount "58"]
[EventDate "1996.03.23"]
[EventType "tourn"]
[EventRounds "9"]
[EventCountry "CAN"]
[Source "ChessBase"]
[SourceDate "2000.11.22"]

1. d4 d5 2. Nf3 Nf6 3. Bg5 e6 4. e3 Be7 5. Bd3 Nbd7 6. O-O O-O 7. Nbd2 c5 8. c3
h6 9. Qb1 Qc7 10. b4 b6 11. Bf4 Bd6 12. Bxd6 Qxd6 13. a4 e5 14. Bf5 e4 15. Ne1
g6 16. Bxd7 Bxd7 17. bxc5 bxc5 18. Nb3 cxd4 19. cxd4 Rab8 20. Qa2 Rb6 21. Nc2
Rfb8 22. Rfb1 Ng4 23. g3 Qf6 24. f4 exf3 25. Nc5 Rxb1+ 26. Rxb1 Rxb1+ 27. Qxb1
f2+ 28. Kg2 Nxh2 29. Nxd7 f1=Q+ 0-1

[Event "CAN-ch U16"]
[Site "Winnipeg CAN"]
[Date "1996.03.24"]
[Round "3"]
[White "Pechisker, Alfred"]
[Black "Henson, Joshua"]
[Result "1-0"]
[WhiteElo "2054"]
[BlackElo "1747"]
[PlyCount "105"]
[EventDate "1996.03.23"]
[EventType "tourn"]
[EventRounds "9"]
[EventCountry "CAN"]
[Source "ChessBase"]
[SourceDate "2000.11.22"]

1. d4 Nf6 2. c4 e6 3. Nc3 Bb4 4. Nf3 d5 5. Bg5 O-O 6. e3 b6 7. Bd3 dxc4 8. Bxc4
Bb7 9. O-O Be7 10. Re1 Nbd7 11. Qe2 Ne4 12. Bxe7 Nxc3 13. bxc3 Qxe7 14. Nd2
Rfd8 15. f3 Nf6 16. e4 c5 17. Qe3 Rac8 18. Bf1 cxd4 19. cxd4 Qd7 20. Nb3 Rc7
21. Rec1 Rdc8 22. Rxc7 Rxc7 23. Rc1 Rxc1 24. Nxc1 Qc8 25. Ne2 h6 26. Qa3 Qb8
27. Nc3 Qd8 28. Nb5 a5 29. Qd6 Qxd6 30. Nxd6 Bc6 31. Nc8 Ba4 32. Nxb6 Bc2 33.
Bb5 Kf8 34. Kf2 Ke7 35. Ke2 Bb1 36. a4 Ba2 37. Bc4 Bxc4+ 38. Nxc4 Nd7 39. Kd3
Kf6 40. Kc3 Kg5 41. g3 Kf6 42. Nxa5 Nb6 43. Kb4 g5 44. Nc4 Nxa4 45. Kxa4 Ke7
46. Ne3 h5 47. g4 hxg4 48. fxg4 f6 49. Kb5 Kd6 50. h3 Ke7 51. Kc6 Kf7 52. Kd7
e5 53. d5 1-0

[Event "CAN-ch U16"]
[Site "Winnipeg CAN"]
[Date "1996.03.24"]
[Round "3"]
[White "Wu, Douglas"]
[Black "Bertrand, Eric"]
[Result "1/2-1/2"]
[WhiteElo "1957"]
[BlackElo "1829"]
[PlyCount "90"]
[EventDate "1996.03.23"]
[EventType "tourn"]
[EventRounds "9"]
[EventCountry "CAN"]
[Source "ChessBase"]
[SourceDate "2000.11.22"]

1. d4 d5 2. c4 e6 3. Nc3 Nf6 4. Nf3 Be7 5. e3 O-O 6. Bd3 Nbd7 7. O-O b6 8. b3
c5 9. Bb2 Bb7 10. Re1 Rc8 11. Qc2 dxc4 12. bxc4 Bxf3 13. gxf3 cxd4 14. exd4 h6
15. Qe2 Nh5 16. Qe4 Ndf6 17. Qh4 g5 18. Qh3 Nf4 19. Qf1 Qxd4 20. Nd5 Qc5 21.
Nxf4 gxf4 22. Re5 Rfd8 23. Rxc5 Rxc5 24. Kh1 Rg5 25. Qe2 Nd7 26. Rg1 Nc5 27.
Bc2 f6 28. Rxg5+ hxg5 29. Ba3 Kf7 30. Bxc5 Bxc5 31. Qe4 f5 32. Qe5 Bd6 33. Qb5
Bc5 34. Qb1 Kf6 35. Qb2+ Bd4 36. Qb4 Bxf2 37. Qc3+ Bd4 38. Qd3 Rd6 39. Qf1 Bc5
40. Qh3 Rd2 41. Qh8+ Kf7 42. Qh7+ Kf6 43. Qh8+ Kf7 44. Qh5+ Kf6 45. Qh6+ Kf7
1/2-1/2

[Event "CAN-ch U16"]
[Site "Winnipeg CAN"]
[Date "1996.03.24"]
[Round "4"]
[White "Bertrand, Eric"]
[Black "Guo, Xin"]
[Result "0-1"]
[WhiteElo "1829"]
[BlackElo "2163"]
[PlyCount "146"]
[EventDate "1996.03.23"]
[EventType "tourn"]
[EventRounds "9"]
[EventCountry "CAN"]
[Source "ChessBase"]
[SourceDate "2000.11.22"]

1. Nf3 Nf6 2. g3 d5 3. Bg2 c6 4. b3 g6 5. Bb2 Bg7 6. O-O O-O 7. d4 Nbd7 8. Nbd2
Nb6 9. Ne5 Bf5 10. c4 Nfd7 11. Nxd7 Qxd7 12. e4 dxe4 13. Nxe4 Bxe4 14. Bxe4
Rad8 15. Qf3 f5 16. Bc2 Bxd4 17. Rad1 e5 18. Bxd4 exd4 19. c5 Na8 20. Rd2 Qd5
21. Qxd5+ Rxd5 22. b4 Rd7 23. Rfd1 Rfd8 24. Bb3+ Kg7 25. Be6 Re7 26. Bb3 Re4
27. Bc2 d3 28. Rxd3 Rxd3 29. Rxd3 Re7 30. f3 Nc7 31. Kf2 Nd5 32. a3 f4 33. Bb3
fxg3+ 34. hxg3 Nf6 35. a4 h5 36. b5 cxb5 37. axb5 Rc7 38. Rc3 Nd7 39. c6 Nb8
40. Ba4 Kf6 41. Ke3 Ke7 42. Kf4 bxc6 43. bxc6 Kf6 44. g4 g5+ 45. Ke4 h4 46. Kd5
h3 47. Kd6 h2 48. Rc1 Rc8 49. Rh1 Rh8 50. c7 Na6 51. Bb5 Nxc7 52. Kxc7 Ke5 53.
Bc6 Kf4 54. Kd6 Rh6+ 55. Kc5 Kg3 56. Be4 Rf6 57. Kd4 Rf4 58. Ra1 a5 59. Ke3 a4
60. Bd5 Rb4 61. Be4 Rb2 62. Kd4 Kf4 63. Kc4 a3 64. Kc3 Rg2 65. Kb3 Rg1 66. Rxg1
hxg1=Q 67. Kxa3 Qe3+ 68. Kb4 Qxe4+ 69. fxe4 Kxe4 70. Kc4 Kf4 71. Kd3 Kxg4 72.
Ke2 Kg3 73. Kf1 Kh2 0-1

[Event "CAN-ch U16"]
[Site "Winnipeg CAN"]
[Date "1996.03.24"]
[Round "4"]
[White "Cormos, Eugene"]
[Black "Hua, Lefong"]
[Result "1/2-1/2"]
[WhiteElo "2139"]
[BlackElo "2140"]
[PlyCount "76"]
[EventDate "1996.03.23"]
[EventType "tourn"]
[EventRounds "9"]
[EventCountry "CAN"]
[Source "ChessBase"]
[SourceDate "2000.11.22"]

1. e4 c5 2. c3 d5 3. exd5 Qxd5 4. d4 Nc6 5. Nf3 Bg4 6. Be2 cxd4 7. cxd4 e6 8.
Nc3 Qd6 9. O-O Nf6 10. Be3 Be7 11. a3 O-O 12. Qa4 a6 13. Rfd1 Rfd8 14. Rac1
Rac8 15. Qb3 b5 16. h3 Bh5 17. Qc2 Qb8 18. b4 Bd6 19. Ng5 Bg6 20. Bd3 Ne7 21.
Bxg6 hxg6 22. Qb3 Qb7 23. Ne2 Ned5 24. Qd3 Nb6 25. Rxc8 Rxc8 26. Rc1 Rxc1+ 27.
Bxc1 Qd5 28. Qf3 Qc4 29. Ne4 Nxe4 30. Qxe4 Nd5 31. g3 Qb3 32. Kg2 Qd1 33. Bf4
Nxf4+ 34. Nxf4 Bxf4 35. Qxf4 Qd3 36. Qd6 Qxa3 37. Qd8+ Kh7 38. Qh4+ Kg8 1/2-1/2

[Event "CAN-ch U16"]
[Site "Winnipeg CAN"]
[Date "1996.03.24"]
[Round "4"]
[White "Henson, Joshua"]
[Black "Chin, Garrett"]
[Result "0-1"]
[WhiteElo "1747"]
[BlackElo "1776"]
[PlyCount "134"]
[EventDate "1996.03.23"]
[EventType "tourn"]
[EventRounds "9"]
[EventCountry "CAN"]
[Source "ChessBase"]
[SourceDate "2000.11.22"]

1. e4 e5 2. Nf3 Nc6 3. Bb5 a6 4. Bxc6 dxc6 5. O-O Bg4 6. h3 h5 7. d3 Qf6 8. Re1
Ne7 9. Nbd2 Ng6 10. Nf1 Bxf3 11. Qxf3 Qxf3 12. gxf3 Nf4 13. Kh2 O-O-O 14. Ne3
g6 15. Ng2 Ne6 16. Rf1 f6 17. Be3 c5 18. Rac1 Nd4 19. Bxd4 Rxd4 20. Nh4 Rg8 21.
Rg1 Bh6 22. Rcd1 Bg5 23. Ng2 Rgd8 24. Ne3 c6 25. b3 b5 26. Nd5 cxd5 27. c3 Rxd3
28. Rxd3 d4 29. cxd4 exd4 30. Rgd1 Bf4+ 31. Kg2 h4 32. Kg1 Kb7 33. Kf1 Kb6 34.
Rb1 g5 35. Ke2 a5 36. Ke1 Rd7 37. Ke2 Rd8 38. Ke1 Rd7 39. Ke2 Rd6 40. Ke1 Rd7
41. Ke2 Rc7 42. Ke1 Ka6 43. Rbd1 Be5 44. Rc1 Kb6 45. Ke2 Rc8 46. Rb1 c4 47.
bxc4 Rxc4 48. Kd1 Kc5 49. Kd2 Bf4+ 50. Kd1 b4 51. Ra1 Rc3 52. Rxc3+ bxc3 53.
Kc2 Kc4 54. Rd1 Bd2 55. Rxd2 cxd2 56. Kxd2 d3 57. a4 Kd4 58. Kd1 Kc3 59. Kc1
Kb4 60. f4 gxf4 61. e5 fxe5 62. f3 Kc3 63. Kd1 d2 64. Ke2 Kc2 65. Kf2 d1=Q 66.
Kg2 Qe2+ 67. Kg1 Qxf3 0-1

[Event "CAN-ch U16"]
[Site "Winnipeg CAN"]
[Date "1996.03.24"]
[Round "4"]
[White "Wu, Douglas"]
[Black "Pechisker, Alfred"]
[Result "1-0"]
[WhiteElo "1957"]
[BlackElo "2054"]
[PlyCount "63"]
[EventDate "1996.03.23"]
[EventType "tourn"]
[EventRounds "9"]
[EventCountry "CAN"]
[Source "ChessBase"]
[SourceDate "2000.11.22"]

1. e4 c5 2. Nf3 Nc6 3. Nc3 e6 4. d4 cxd4 5. Nxd4 d6 6. Bc4 Nf6 7. Be3 Be7 8. f3
O-O 9. Qd2 a6 10. O-O-O Qc7 11. Bb3 Bd7 12. h4 b5 13. g4 b4 14. Nce2 Nxd4 15.
Nxd4 a5 16. Qe2 Rfc8 17. Nb5 Bxb5 18. Qxb5 Rcb8 19. Qc4 Qxc4 20. Bxc4 Rc8 21.
Bb5 a4 22. Kb1 Rcb8 23. Be2 Ne8 24. g5 Nc7 25. h5 b3 26. cxb3 axb3 27. a3 g6
28. hxg6 hxg6 29. f4 Nb5 30. Bc4 Kg7 31. Rh6 f6 32. Rdh1 1-0

[Event "CAN-ch U16"]
[Site "Winnipeg CAN"]
[Date "1996.03.25"]
[Round "5"]
[White "Chin, Garrett"]
[Black "Wu, Douglas"]
[Result "0-1"]
[WhiteElo "1776"]
[BlackElo "1957"]
[PlyCount "76"]
[EventDate "1996.03.23"]
[EventType "tourn"]
[EventRounds "9"]
[EventCountry "CAN"]
[Source "ChessBase"]
[SourceDate "2000.11.22"]

1. e4 c5 2. Nc3 d6 3. g3 Nf6 4. Bg2 g6 5. d3 Bg7 6. Be3 O-O 7. Nh3 Nc6 8. O-O
Qc7 9. Rb1 a6 10. Ne2 b5 11. c3 Bb7 12. f4 Ng4 13. Bd2 b4 14. Nf2 Nxf2 15. Rxf2
a5 16. f5 Ne5 17. fxg6 hxg6 18. Nc1 Ba6 19. Bf1 Rab8 20. h4 Qd7 21. Be2 Bb7 22.
h5 d5 23. h6 Bh8 24. h7+ Kxh7 25. Rh2+ Kg8 26. Bh6 Rfd8 27. Bf4 Bg7 28. d4 dxe4
29. Nb3 cxd4 30. cxd4 Nc6 31. Bxb8 Nxb8 32. Kf1 Qf5+ 33. Rf2 Qh3+ 34. Ke1 e3
35. Rf3 Bxf3 36. Bxf3 Qxg3+ 37. Ke2 Qf2+ 38. Kd3 a4 0-1

[Event "CAN-ch U16"]
[Site "Winnipeg CAN"]
[Date "1996.03.25"]
[Round "5"]
[White "Hua, Lefong"]
[Black "Henson, Joshua"]
[Result "1-0"]
[WhiteElo "2140"]
[BlackElo "1747"]
[PlyCount "89"]
[EventDate "1996.03.23"]
[EventType "tourn"]
[EventRounds "9"]
[EventCountry "CAN"]
[Source "ChessBase"]
[SourceDate "2000.11.22"]

1. d4 Nf6 2. c4 e6 3. Nf3 d5 4. Nc3 Be7 5. Bg5 O-O 6. cxd5 exd5 7. e3 Be6 8.
Bd3 Nbd7 9. Qc2 h6 10. Bh4 Re8 11. O-O-O c6 12. h3 a5 13. g4 Kh8 14. Rdg1 b5
15. Kb1 a4 16. Ne2 Qb6 17. g5 Ng8 18. gxh6 Nxh6 19. Nf4 Bxh4 20. Nxh4 Nf8 21.
Qe2 Qd8 22. Qh5 Qf6 23. Rh2 Bd7 24. Rhg2 Ne6 25. Nxe6 Bxe6 26. Rxg7 Qxg7 27.
Rxg7 Kxg7 28. Qg5+ Kf8 29. Qxh6+ Ke7 30. Bf5 Kd7 31. Qf6 Kc7 32. Nf3 Rf8 33.
Ne5 Rae8 34. h4 b4 35. Nd3 b3 36. axb3 axb3 37. Nc5 Rg8 38. Nxb3 Rg1+ 39. Kc2
Rg2 40. Bxe6 fxe6 41. Qf7+ Kd8 42. Nc5 Re7 43. Qf8+ Re8 44. Qd6+ Kc8 45. Qxc6+
1-0

[Event "CAN-ch U16"]
[Site "Winnipeg CAN"]
[Date "1996.03.25"]
[Round "5"]
[White "Pechisker, Alfred"]
[Black "Bertrand, Eric"]
[Result "1/2-1/2"]
[WhiteElo "2054"]
[BlackElo "1829"]
[PlyCount "109"]
[EventDate "1996.03.23"]
[EventType "tourn"]
[EventRounds "9"]
[EventCountry "CAN"]
[Source "ChessBase"]
[SourceDate "2000.11.22"]

1. d4 d5 2. c4 e6 3. Nc3 Nf6 4. Bg5 Be7 5. Nf3 b6 6. cxd5 Nxd5 7. Bxe7 Qxe7 8.
Nxd5 exd5 9. e3 O-O 10. Rc1 Bb7 11. Qc2 Rc8 12. Bd3 h6 13. Bf5 Nd7 14. Qa4 c6
15. O-O Rc7 16. Bxd7 Qxd7 17. Rc3 a5 18. Rfc1 f6 19. Qb3 Ra6 20. e4 a4 21. Qc2
dxe4 22. Qxe4 Rc8 23. Rd1 Ra5 24. h3 Re8 25. Qf4 Rd5 26. Nh2 c5 27. Rg3 Rxd4
28. Rxd4 cxd4 29. Ng4 Kh7 30. Qxf6 Qxg4 31. Qf7 Qd1+ 32. Kh2 Rg8 33. Qxb7 Qc2
34. f4 Qf5 35. Qxb6 Qxf4 36. Qc6 g6 37. Qxa4 h5 38. h4 Qxh4+ 39. Rh3 Qf4+ 40.
Kh1 Qf1+ 41. Kh2 Qf4+ 42. Kg1 Qc1+ 43. Kh2 Qxb2 44. Qd7+ Rg7 45. Qd5 Qb8+ 46.
Kg1 Qf4 47. Rf3 Qc1+ 48. Kh2 Qc7+ 49. Kg1 Rd7 50. Qe4 Re7 51. Qxd4 Qa7 52. Qxa7
Rxa7 53. a3 Kh6 54. g3 Ra4 55. Rb3 1/2-1/2

[Event "CAN-ch U16"]
[Site "Winnipeg CAN"]
[Date "1996.03.25"]
[Round "6"]
[White "Cormos, Eugene"]
[Black "Guo, Xin"]
[Result "1/2-1/2"]
[WhiteElo "2139"]
[BlackElo "2163"]
[PlyCount "27"]
[EventDate "1996.03.23"]
[EventType "tourn"]
[EventRounds "9"]
[EventCountry "CAN"]
[Source "ChessBase"]
[SourceDate "2000.11.22"]

1. e4 Nf6 2. e5 Nd5 3. d4 d6 4. Nf3 g6 5. Bc4 Nb6 6. Bb3 Bg7 7. exd6 cxd6 8.
O-O d5 9. h3 O-O 10. Bg5 h6 11. Bh4 Nc6 12. c3 Bf5 13. Re1 a5 14. a4 1/2-1/2

[Event "CAN-ch U16"]
[Site "Winnipeg CAN"]
[Date "1996.03.25"]
[Round "6"]
[White "Pechisker, Alfred"]
[Black "Chin, Garrett"]
[Result "0-1"]
[WhiteElo "2054"]
[BlackElo "1776"]
[PlyCount "68"]
[EventDate "1996.03.23"]
[EventType "tourn"]
[EventRounds "9"]
[EventCountry "CAN"]
[Source "ChessBase"]
[SourceDate "2000.11.22"]

1. d4 Nf6 2. c4 g6 3. Nc3 Bg7 4. e4 d6 5. f3 O-O 6. Bg5 Nbd7 7. Qd2 Ne8 8. h4
f6 9. Be3 e5 10. d5 f5 11. O-O-O f4 12. Bf2 Nef6 13. b4 Rf7 14. Kb1 Nh5 15.
Nge2 Bf8 16. Nc1 Ndf6 17. N3e2 Rg7 18. Nd3 h6 19. Rc1 g5 20. hxg5 hxg5 21. c5
g4 22. Qb2 Rg6 23. Nc3 Ng3 24. Rg1 Bh6 25. cxd6 cxd6 26. Nb5 Rg7 27. Qc2 Ngxe4
28. fxe4 Nxe4 29. Rd1 Bf5 30. Be1 Bg5 31. Kb2 Qb6 32. Nc5 Rc8 33. Qc4 a6 34.
Nd7 Bxd7 0-1

[Event "CAN-ch U16"]
[Site "Winnipeg CAN"]
[Date "1996.03.25"]
[Round "6"]
[White "Wu, Douglas"]
[Black "Hua, Lefong"]
[Result "0-1"]
[WhiteElo "1957"]
[BlackElo "2140"]
[PlyCount "100"]
[EventDate "1996.03.23"]
[EventType "tourn"]
[EventRounds "9"]
[EventCountry "CAN"]
[Source "ChessBase"]
[SourceDate "2000.11.22"]

1. e4 c5 2. Nf3 d6 3. d4 cxd4 4. Nxd4 Nf6 5. Nc3 g6 6. Be3 Bg7 7. f3 Nc6 8. Qd2
O-O 9. Bc4 Bd7 10. O-O-O Rc8 11. Bb3 Ne5 12. h4 h5 13. Bg5 Rc5 14. Kb1 Re8 15.
g4 hxg4 16. h5 Nxh5 17. Bh6 Bh8 18. Rxh5 Nc4 19. Bxc4 Rxh5 20. Qf4 e6 21. fxg4
Rh3 22. Rf1 Qe7 23. Nde2 Rc8 24. Bb3 Be5 25. Bg5 Qf8 26. Qc1 Qg7 27. Rh1 Rxh1
28. Qxh1 b5 29. Bf4 b4 30. Nd1 a5 31. Bxe5 Qxe5 32. c3 Bb5 33. Qf3 d5 34. Nf2
Bxe2 35. Qxe2 bxc3 36. bxc3 Qxc3 37. Nd3 a4 38. Bxa4 Qd4 39. Bb3 dxe4 40. Nf4
Qg1+ 41. Qd1 Qxd1+ 42. Bxd1 Kg7 43. a4 Kf6 44. Bc2 Ke5 45. Ne2 f5 46. Kb2 f4
47. Kb3 f3 48. Ng3 Kf4 49. Nf1 e3 50. Nxe3 Kxe3 0-1

[Event "CAN-ch U16"]
[Site "Winnipeg CAN"]
[Date "1996.03.26"]
[Round "7"]
[White "Chin, Garrett"]
[Black "Bertrand, Eric"]
[Result "1-0"]
[WhiteElo "1776"]
[BlackElo "1829"]
[PlyCount "90"]
[EventDate "1996.03.23"]
[EventType "tourn"]
[EventRounds "9"]
[EventCountry "CAN"]
[Source "ChessBase"]
[SourceDate "2000.11.22"]

1. e4 e6 2. d3 d5 3. Nd2 c5 4. Ngf3 Nc6 5. g3 Bd6 6. Bg2 Nge7 7. O-O d4 8. Ne1
e5 9. f4 exf4 10. gxf4 O-O 11. e5 Bc7 12. Ne4 Bb6 13. Qh5 Bf5 14. Nd6 Bg6 15.
Qh3 f5 16. Nxb7 Qd7 17. Nd6 Rab8 18. Bd2 Bc7 19. Nc4 Bf7 20. b3 a5 21. Nf3 Nd5
22. Rae1 h6 23. Nh4 Be6 24. Rf2 Ncb4 25. Bxb4 Nxb4 26. a3 Na2 27. Ng6 Rfe8 28.
Bf3 Kh7 29. Rg2 Bf7 30. Nh4 g6 31. Kh1 Nc3 32. Reg1 Rg8 33. Nd2 a4 34. Ne4 Nxe4
35. Bxe4 h5 36. Rg5 Bd8 37. Rxh5+ gxh5 38. Bxf5+ Kh8 39. Rxg8+ Bxg8 40. Bxd7
Bxh4 41. Qxh4 Bd5+ 42. Kg1 Rg8+ 43. Kf1 axb3 44. Qxh5+ Kg7 45. cxb3 Bxb3 1-0

[Event "CAN-ch U16"]
[Site "Winnipeg CAN"]
[Date "1996.03.26"]
[Round "7"]
[White "Guo, Xin"]
[Black "Henson, Joshua"]
[Result "0-1"]
[WhiteElo "2163"]
[BlackElo "1747"]
[PlyCount "138"]
[EventDate "1996.03.23"]
[EventType "tourn"]
[EventRounds "9"]
[EventCountry "CAN"]
[Source "ChessBase"]
[SourceDate "2000.11.22"]

1. e4 c5 2. Nf3 Nc6 3. Bb5 g6 4. O-O Bg7 5. c3 Nf6 6. d4 cxd4 7. e5 Nd5 8. cxd4
Qb6 9. Bc4 Nc7 10. Nc3 Na6 11. a3 Qd8 12. b4 Nc7 13. Qe2 d5 14. exd6 Qxd6 15.
Ne4 Qd8 16. Bb2 O-O 17. h3 Nd5 18. Rad1 e6 19. Ne5 Nce7 20. Nc3 Nxc3 21. Bxc3
Nd5 22. Bd2 Nb6 23. Bf4 Qe7 24. Bb3 Rd8 25. Ng4 Rxd4 26. Nh6+ Kf8 27. Rxd4 Bxd4
28. Rd1 e5 29. Nxf7 exf4 30. Qxe7+ Kxe7 31. Rxd4 Be6 32. Bxe6 Kxe6 33. Rxf4 h5
34. Ng5+ Ke5 35. Rf7 Rb8 36. f4+ Kd4 37. Rg7 Nc4 38. Rxg6 Nxa3 39. Rd6+ Kc4 40.
f5 Nb5 41. Rd7 Nd4 42. f6 Ne2+ 43. Kf2 Nf4 44. Rg7 Rf8 45. f7 Nd3+ 46. Ke3 Ne5
47. Ke4 Nxf7 48. Nxf7 Kxb4 49. Nd6 b5 50. Rxa7 Rg8 51. Ra2 Kb3 52. Rf2 b4 53.
Nb5 Re8+ 54. Kd3 Rd8+ 55. Nd4+ Ka3 56. Ke4 Re8+ 57. Kf4 Rf8+ 58. Kg3 h4+ 59.
Kxh4 Rxf2 60. g4 Rd2 61. Nc6 b3 62. Na5 Rd4 63. Nxb3 Kxb3 64. Kh5 Kc4 65. Kg5
Kd5 66. Kg6 Ke6 67. g5 Rh4 68. Kg7 Rxh3 69. g6 Rg3 0-1

[Event "CAN-ch U16"]
[Site "Winnipeg CAN"]
[Date "1996.03.26"]
[Round "7"]
[White "Hua, Lefong"]
[Black "Pechisker, Alfred"]
[Result "1-0"]
[WhiteElo "2140"]
[BlackElo "2054"]
[PlyCount "74"]
[EventDate "1996.03.23"]
[EventType "tourn"]
[EventRounds "9"]
[EventCountry "CAN"]
[Source "ChessBase"]
[SourceDate "2000.11.22"]

1. d4 d5 2. Nf3 e6 3. Bg5 Be7 4. Bxe7 Qxe7 5. c4 Nf6 6. Nc3 O-O 7. e3 b6 8.
cxd5 exd5 9. Bd3 Bb7 10. O-O Nbd7 11. Rc1 c5 12. Bb1 Rac8 13. Re1 Rfe8 14. Qb3
Bc6 15. dxc5 bxc5 16. Qa3 Nb6 17. Bd3 Rc7 18. Nb5 Bxb5 19. Bxb5 Rd8 20. Rc2 Qd6
21. Rec1 Nbd7 22. h3 Qb6 23. Bf1 Rb7 24. Nd2 Re8 25. Nb3 c4 26. Nd4 g6 27. b3
cxb3 28. axb3 Ne4 29. Bb5 Qf6 30. Bc6 Rc7 31. Bxd5 Rxc2 32. Rxc2 Nec5 33. Rxc5
Nxc5 34. Qxc5 Rd8 35. Bc4 a6 36. Qa7 Rd6 37. f4 Qh4 1-0

[Event "CAN-ch U16"]
[Site "Winnipeg CAN"]
[Date "1996.03.26"]
[Round "8"]
[White "Bertrand, Eric"]
[Black "Cormos, Eugene"]
[Result "1/2-1/2"]
[WhiteElo "1829"]
[BlackElo "2139"]
[PlyCount "90"]
[EventDate "1996.03.23"]
[EventType "tourn"]
[EventRounds "9"]
[EventCountry "CAN"]
[Source "ChessBase"]
[SourceDate "2000.11.22"]

1. e4 e5 2. Nf3 Nc6 3. Bb5 Bb4 4. O-O d6 5. c3 Ba5 6. d4 exd4 7. Qa4 Bb6 8.
Nxd4 Bxd4 9. cxd4 Bd7 10. d5 Ne5 11. Bxd7+ Nxd7 12. Nc3 Ne7 13. Bf4 O-O 14.
Rac1 Ng6 15. Bg3 Nc5 16. Qd4 a5 17. e5 f5 18. exd6 cxd6 19. Bxd6 Qxd6 20. Nb5
Qd7 21. Rxc5 Rac8 22. Rfc1 Rxc5 23. Rxc5 Re8 24. h3 Re4 25. Qc3 Ne7 26. f3 Nxd5
27. Rxd5 Qxd5 28. fxe4 Qxb5 29. Qc8+ Kf7 30. Qxf5+ Qxf5 31. exf5 Kf6 32. g4 Ke5
33. Kg2 Kf4 34. Kf2 h5 35. f6 gxf6 36. gxh5 Kg5 37. Kf3 Kxh5 38. Kf4 Kh4 39.
Kf5 Kxh3 40. Kxf6 Kg3 41. Ke6 Kf3 42. Kd6 Ke3 43. Kc7 Kd2 44. Kxb7 Kc2 45. Ka6
a4 1/2-1/2

[Event "CAN-ch U16"]
[Site "Winnipeg CAN"]
[Date "1996.03.26"]
[Round "8"]
[White "Chin, Garrett"]
[Black "Hua, Lefong"]
[Result "0-1"]
[WhiteElo "1776"]
[BlackElo "2140"]
[PlyCount "86"]
[EventDate "1996.03.23"]
[EventType "tourn"]
[EventRounds "9"]
[EventCountry "CAN"]
[Source "ChessBase"]
[SourceDate "2000.11.22"]

1. e4 c5 2. Nf3 d6 3. d4 cxd4 4. Nxd4 Nf6 5. Nc3 g6 6. Be3 Bg7 7. f3 Nc6 8. Qd2
O-O 9. Bc4 Bd7 10. O-O-O Rc8 11. Bb3 Ne5 12. h4 h5 13. Bg5 Rc5 14. Kb1 Re8 15.
g4 hxg4 16. h5 Nxh5 17. Rxh5 gxh5 18. Qh2 Qa5 19. Nd5 Rxd5 20. Bxd5 e6 21. Bb3
Ng6 22. Qxh5 Bxd4 23. Rxd4 Qe1+ 24. Bc1 g3 25. Rd2 Kg7 26. Qh6+ Kxh6 27. Rd1+
Kh5 28. Rxe1 Nh4 29. c4 e5 30. Bd1 Rg8 31. Rg1 g2 32. Be3 a6 33. Bf2 Rg6 34.
Kc2 Bh3 35. Kd2 Rf6 36. Ke3 Kg5 37. Re1 Ng6 38. Bg1 Be6 39. Be2 Nf4 40. b3 Rh6
41. Rd1 Rh1 42. Kf2 Kh4 43. Re1 Kh3 0-1

[Event "CAN-ch U16"]
[Site "Winnipeg CAN"]
[Date "1996.03.26"]
[Round "8"]
[White "Wu, Douglas"]
[Black "Guo, Xin"]
[Result "1/2-1/2"]
[WhiteElo "1957"]
[BlackElo "2163"]
[PlyCount "50"]
[EventDate "1996.03.23"]
[EventType "tourn"]
[EventRounds "9"]
[EventCountry "CAN"]
[Source "ChessBase"]
[SourceDate "2000.11.22"]

1. d4 Nf6 2. c4 c5 3. d5 b5 4. cxb5 a6 5. Nc3 d6 6. e4 g6 7. Nf3 Bg7 8. h3 O-O
9. Be3 Nbd7 10. Qd2 Qb6 11. a4 axb5 12. Bxb5 Nxe4 13. Nxe4 Qxb5 14. axb5 Rxa1+
15. Ke2 Rxh1 16. Bh6 Bb7 17. Bxg7 Kxg7 18. Nc3 Nb6 19. b3 Kg8 20. Qh6 f6 21.
Qe3 Re8 22. Nd2 Kf8 23. Qh6+ Kg8 24. Qe3 Kg7 25. Nc4 Nxc4 1/2-1/2

[Event "CAN-ch U16"]
[Site "Winnipeg CAN"]
[Date "1996.03.27"]
[Round "9"]
[White "Cormos, Eugene"]
[Black "Henson, Joshua"]
[Result "1/2-1/2"]
[WhiteElo "2139"]
[BlackElo "1747"]
[PlyCount "32"]
[EventDate "1996.03.23"]
[EventType "tourn"]
[EventRounds "9"]
[EventCountry "CAN"]
[Source "ChessBase"]
[SourceDate "2000.11.22"]

1. e4 d6 2. d4 Nf6 3. Nc3 g6 4. f4 Bg7 5. Nf3 O-O 6. Bd3 c5 7. d5 Na6 8. O-O
Nc7 9. Bc4 Bg4 10. h3 Bxf3 11. Qxf3 Rb8 12. a4 Nd7 13. a5 Re8 14. Bd2 Na6 15.
Bb5 Rf8 16. Rae1 Nb4 1/2-1/2